| Tag |
First Indicator |
Second Indicator |
Subfields |
| LEADER |
00000cam a2200000 a 4500 |
| 001 |
in00001024005 |
| 005 |
20150928121057.0 |
| 008 |
910219s1991 ne a b 0010 eng |
| 010 |
|
|
|a 91010218
|
| 020 |
|
|
|a 0444889604 (alk. paper)
|
| 035 |
|
|
|a (OCoLC)23253046
|
| 035 |
|
|
|9 AFF8868AM
|
| 040 |
|
|
|a DLC
|c DLC
|d TXA
|d UtOrBLW
|
| 049 |
|
|
|a TXAM
|
| 050 |
0 |
0 |
|a QR89.7
|b .B565 1991
|
| 082 |
0 |
0 |
|a 589.9/0133
|2 20
|
| 245 |
0 |
0 |
|a Biology and biochemistry of nitrogen fixation /
|c edited by M.J. Dilworth and A.R. Glenn.
|
| 264 |
|
1 |
|a Amsterdam ;
|a New York :
|b Elsevier ;
|c 1991.
|
| 264 |
|
2 |
|a New York :
|b Distributors for the U.S. and Canada, Elsevier Science Pub. Co.,
|
| 300 |
|
|
|a vii, 438 pages :
|b illustrations ;
|c 25 cm.
|
| 336 |
|
|
|a text
|b txt
|2 rdacontent
|
| 337 |
|
|
|a unmediated
|b n
|2 rdamedia
|
| 338 |
|
|
|a volume
|b nc
|2 rdacarrier
|
| 490 |
1 |
|
|a Studies in plant science ;
|v 1
|
| 504 |
|
|
|a Includes bibliographical references and index.
|
| 650 |
|
0 |
|a Nitrogen
|x Fixation.
|
| 700 |
1 |
|
|a Dilworth, M. J.
|
| 700 |
1 |
|
|a Glenn, A. R.
|q (Andrew R.)
|
| 830 |
|
0 |
|a Studies in plant science ;
|v 1.
|
| 999 |
|
|
|a MARS
|
| 999 |
f |
f |
|s 04a66c17-8b0f-3a04-a794-4d9e074a50cd
|i ddc88240-7968-3d47-bea8-0cbde1bb64b8
|t 0
|
| 952 |
f |
f |
|p ric
|a Texas A&M University
|b Rellis Campus
|c Joint Library Facility
|d Remote Storage
|t 0
|e QR89.7 .B565 1991
|h Library of Congress classification
|i unmediated -- volume
|m A14815262347
|
| 998 |
f |
f |
|a QR89.7 .B565 1991
|t 0
|l Remote Storage
|